Crop insurance in rubber plantations (Record no. 52796)

MARC details
000 -LEADER
fixed length control field 00408nam a2200121Ia 4500
100 ## - MAIN ENTRY--AUTHOR NAME
Personal name Ramakrishnan A.
245 #0 - TITLE STATEMENT
Title Crop insurance in rubber plantations
260 ## - PUBLICATION, DISTRIBUTION, ETC. (IMPRINT)
Name of publisher Dissertation, PG Diploma in Natural Rubber Production, Kerala Agricultural University, Trichur, India, 30 p.
Year of publication 1991
650 ## - SUBJECT ADDED ENTRY--TOPICAL TERM
Topical Term Crop insurance
650 ## - SUBJECT ADDED ENTRY--TOPICAL TERM
Topical Term Rubber plantation
942 ## - ADDED ENTRY ELEMENTS (KOHA)
Koha item type Bibliography STAF
Holdings
Withdrawn status Lost status Damaged status Not for loan Home library Current library Date acquired Koha item type
      Bibliography RRII Library RRII Library 09/04/2014 Bibliography STAF